Statistics for Thunderbirds are Go!

Click here to take the quiz!

General Stats

  • This quiz has been taken 428 times
  • The average score is 8 of 9

Answer Stats

cluecharacter% Correct
pilot of Thunderbird 1, the planeScott
97%
pilot of Thunderbird 3, the rocket, also T5Alan
95%
the scientistBrains
94%
pilot of Thunderbird 5, the space station, also T3John
93%
pilot of Thunderbird 2, the transport aircraftVirgil
92%
pilot of Thunderbird 4, the submersibleGordon
90%
the chauffeurParker
90%
father of the above, and head of IRJeff
88%
London field agent, an English aristocratLady {Penelope}
83%

Score Distribution

Percentile by Number Answered

Percent of People with Each Score

Your Score History

You have not taken this quiz